[Event "Reykjavik op"]
[Site "Reykjavik"]
[Date "2024.03.20"]
[Round "8"]
[White "Roberts, Tallulah"]
[Black "Novak, Vjekoslav"]
[Result "1/2-1/2"]
[WhiteElo "1671"]
[BlackElo "1833"]
[PlyCount "107"]
[EventDate "2024.03.15"]
[EventType "swiss"]
[EventRounds "9"]
[EventCountry "ISL"]
[SourceTitle "CB13_2024"]
[SourceDate "2024.03.27"]
[SourceVersion "1"]
[SourceVersionDate "2024.03.27"]
[SourceQuality "1"]

1. d4 f5 2. Nc3 d5 3. Bf4 Nf6 4. e3 c6 5. Bd3 e6 6. Nf3 Bd6 7. Bxd6 Qxd6 8. Ne5 0-0 9. Qe2 Ne4 10. f3 Nxc3 11. bxc3 Nd7 12. Nxd7 Bxd7 13. 0-0 e5 14. e4 Rae8 15. dxe5 Qc5+ 16. Qf2 Qxf2+ 17. Rxf2 fxe4 18. fxe4 Rxf2 19. Kxf2 dxe4 20. Bxe4 Rxe5 21. Bd3 Be6 22. a3 Kf7 23. Rb1 b6 24. Rb4 h6 25. Ra4 a5 26. Rd4 Ke7 27. g3 c5 28. Rh4 Kd6 29. c4 Bc8 30. Rf4 Ke7 31. Re4 Rxe4 32. Bxe4 Kf6 33. c3 Ke5 34. Ke3 Bh3 35. Bd3 g5 36. a4 Bg4 37. Bc2 h5 38. Bb3 Bf5 39. Bd1 g4 40. Bb3 Bb1 41. Bd1 Kf5 42. Bb3 Kg5 43. Bd1 Kf6 44. Bb3 Ke5 45. Bd1 Ba2 46. Kd3 Bb1+ 47. Ke3 Bf5 48. Bb3 Bg6 49. Bd1 Be8 50. Bb3 Bc6 51. Bd1 Kf5 52. Bb3 Kg5 53. Bd1 Bd7 54. Bb3 1/2-1/2

[Event "Reykjavik op"]
[Site "Reykjavik"]
[Date "2024.03.16"]
[Round "3"]
[White "Roberts, Tallulah"]
[Black "Manenschijn, Wouter"]
[Result "0-1"]
[WhiteElo "1671"]
[BlackElo "1864"]
[PlyCount "88"]
[EventDate "2024.03.15"]
[EventType "swiss"]
[EventRounds "9"]
[EventCountry "ISL"]
[SourceTitle "CB13_2024"]
[SourceDate "2024.03.27"]
[SourceVersion "1"]
[SourceVersionDate "2024.03.27"]
[SourceQuality "1"]

1. e4 e5 2. Nf3 Nc6 3. Bb5 a6 4. Ba4 Nf6 5. d3 b5 6. Bb3 Be7 7. c3 0-0 8. 0-0 d6 9. Re1 Na5 10. Bc2 c5 11. a4 Bb7 12. Nbd2 Qc7 13. Nf1 Rfe8 14. Ng3 Bf8 15. Bg5 Nd7 16. Nf5 d5 17. axb5 axb5 18. Ne3 d4 19. cxd4 cxd4 20. Nf5 Qb6 21. Rc1 b4 22. Ba4 Bc6 23. Bxc6 Nxc6 24. Nd2 Na5 25. Rf1 Rac8 26. Qg4 Nc5 27. Qg3 Qg6 28. Nh4 Qa6 29. Ra1 Ra8 30. Rfd1 Qxd3 31. Qxd3 Nxd3 32. Nhf3 f6 33. Bh4 Nxb2 34. Rdb1 Nbc4 35. Nxc4 Nxc4 36. Ne1 Nd2 37. Rxa8 Rxa8 38. Rd1 Nxe4 39. f3 Nc3 40. Rd2 Ra2 41. Rxa2 Nxa2 42. Nd3 b3 43. Nb2 Ba3 44. Nc4 Bc1 0-1

[Event "Guernsey op 46th"]
[Site "St James"]
[Date "2022.10.19"]
[Round "4"]
[White "Sedgwick, David"]
[Black "Roberts, Tallulah"]
[Result "1-0"]
[WhiteElo "1874"]
[BlackElo "1521"]
[PlyCount "41"]
[EventDate "2022.10.16"]
[EventType "swiss"]
[EventRounds "7"]
[EventCountry "GCI"]
[SourceTitle "EXT 2024"]
[Source "ChessBase"]
[SourceDate "2023.10.10"]
[SourceVersion "1"]
[SourceVersionDate "2023.10.10"]
[SourceQuality "1"]

1. e4 e6 2. d4 d5 3. e5 b6 4. Bd3 Qd7 5. Nf3 Ba6 6. 0-0 Bxd3 7. Qxd3 Ne7 8. Nc3 Ng6 9. h4 h5 10. Bg5 Be7 11. Rfe1 0-0 12. Bxe7 Qxe7 13. Ng5 c5 14. Nxd5 exd5 15. e6 Qf6 16. exf7+ Rxf7 17. Re8+ Rf8 18. Rxf8+ Kxf8 19. Nh7+ Kf7 20. Nxf6 gxf6 21. Qf3 1-0

[Event "Olympiad Women-44"]
[Site "Chennai"]
[Date "2022.08.03"]
[Round "6.1"]
[White "Saraci, Ndriqona"]
[Black "Roberts, Tallulah"]
[Result "1/2-1/2"]
[WhiteElo "1425"]
[BlackElo "1536"]
[PlyCount "62"]
[EventDate "2022.07.29"]
[EventType "team-swiss"]
[EventRounds "11"]
[EventCountry "IND"]
[SourceTitle "CBM 210"]
[Source "ChessBase"]
[SourceDate "2022.10.31"]
[SourceVersion "1"]
[SourceVersionDate "2022.10.31"]
[SourceQuality "1"]
[WhiteTeam "Kosovo (W)"]
[BlackTeam "Jersey (W)"]
[WhiteTeamCountry "KOS"]
[BlackTeamCountry "GCI"]

1. e4 e6 2. d4 d5 3. exd5 exd5 4. Nf3 Bd6 5. Bd3 Ne7 6. 0-0 0-0 7. Nc3 c6 8. Ne2 Bf5 9. Bxf5 Nxf5 10. Bf4 Re8 11. Bxd6 Qxd6 12. Ng3 Nxg3 13. hxg3 Nd7 14. Re1 Nf6 15. Rxe8+ Rxe8 16. Ne5 Ne4 17. Qf3 f6 18. Nd3 Ng5 19. Qf4 Qxf4 20. Nxf4 Kf7 21. c3 Re7 22. f3 a5 23. a4 h6 24. Kf2 Ne6 25. Nd3 b6 26. b3 g6 27. Rh1 Kg7 28. Re1 Kf7 29. Rh1 Kg7 30. Re1 Kf7 31. Rh1 Kg7 1/2-1/2